|
|
|
|
| LEADER |
02152nam a2200421 4500 |
| 001 |
ocn899003327 |
| 003 |
OCoLC |
| 005 |
20180501122023.0 |
| 006 |
m o d |
| 007 |
cr cn||||||||| |
| 008 |
141202t20142014ne af ob 001 0 eng d |
| 040 |
|
|
|a E7B
|b eng
|e rda
|e pn
|c E7B
|d OCLCO
|d OPELS
|d OCLCF
|d YDXCP
|d OCLCQ
|d DEBBG
|d GrThAP
|
| 020 |
|
|
|a 9780128004494
|q (electronic bk.)
|
| 020 |
|
|
|a 0128004495
|q (electronic bk.)
|
| 020 |
|
|
|a 9780128002568
|
| 035 |
|
|
|a (OCoLC)899003327
|
| 050 |
|
4 |
|a QD476
|b .A383 2014eb
|
| 082 |
0 |
4 |
|a 547.13
|2 23
|
| 049 |
|
|
|a TEFA
|
| 245 |
0 |
0 |
|a Advances in physical organic chemistry.
|n Volume 48 /
|c edited by Ian H. Williams, Nicholas H. Williams.
|
| 250 |
|
|
|a First edition.
|
| 264 |
|
1 |
|a Amsterdam, Netherlands :
|b Elsevier,
|c 2014.
|
| 264 |
|
4 |
|c ©2014
|
| 300 |
|
|
|a 1 online resource (387 pages, 5 unnumbered pages of plates) :
|b illustrations (some color).
|
| 336 |
|
|
|a text
|b txt
|2 rdacontent
|
| 337 |
|
|
|a computer
|b c
|2 rdamedia
|
| 338 |
|
|
|a online resource
|b cr
|2 rdacarrier
|
| 490 |
0 |
|
|a Advances in Physical Organic Chemistry,
|x 0065-3160 ;
|v Volume 48
|
| 504 |
|
|
|a Includes bibliographical references at the end of each chapters and indexes.
|
| 588 |
0 |
|
|a Online resource; title from PDF title page (ebrary, viewed December 2, 2014).
|
| 520 |
|
|
|a Advances in Physical Organic Chemistry provides the chemical community with authoritative and critical assessments of the many aspects of physical organic chemistry. The field is a rapidly developing one, with results and methodologies finding application from biology to solid-state physics.
|
| 650 |
|
0 |
|a Physical organic chemistry.
|
| 650 |
|
7 |
|a Physical organic chemistry.
|2 fast
|0 (OCoLC)fst01715687
|
| 655 |
|
4 |
|a Electronic books.
|
| 700 |
1 |
|
|a Williams, Ian H.,
|e editor.
|
| 700 |
1 |
|
|a Williams, Nicholas H.,
|e editor.
|
| 776 |
0 |
8 |
|i Print version:
|t Advances in physical organic chemistry. Volume 48.
|b First edition.
|d Amsterdam, Netherlands : Elsevier, ©2014
|h x, 370 pages
|k Advances in Physical Organic Chemistry ; Volume 48
|x 0065-3160
|z 9780128002568
|
| 856 |
4 |
0 |
|u https://www.sciencedirect.com/science/bookseries/00653160/48
|z Full Text via HEAL-Link
|